IPL 2026 Cricketers By Picture - Statistics

General Stats
  • This quiz has been taken 253 times
  • The average score is 11 of 20
Answer Stats
Picture Answer % Correct
Arshdeep Singh
100%
Ishan Kishan
100%
Jacob Bethell
100%
Jofra Archer
100%
Liam Livingstone
100%
Pat Cummins
100%
Rinku Singh
100%
Rohit Sharma
100%
Shivam Dube
100%
Travis Head
100%
Trent Boult
100%
Vaibhav Sooryavanshi
100%
Xavier Bartlett
100%
Yuzvendra Chahal
100%
Krunal Pandya
95%
Tilak Varma
94%
Deepak Chahar
93%
Kagiso Rabada
93%
Sunil Narine
93%
Hardik Pandya
92%
Rishabh Pant
92%
Shubman Gill
92%
Kuldeep Yadav
91%
Dhruv Jurel
90%
Finn Allen
90%
MS Dhoni
90%
Romario Shepherd
90%
Shreyas Iyer
90%
Suryakumar Yadav
90%
KL Rahul
89%
Prithvi Shaw
89%
Sai Kishore
89%
Abhishek Sharma
88%
Jason Holder
88%
Jasprit Bumrah
88%
Prasidh Krishna
88%
Virat Kohli
87%
Aiden Markram
86%
Avesh Khan
86%
Jos Buttler
86%
Mitchell Starc
86%
Mohammed Siraj
86%
Rachin Ravindra
86%
Yashasvi Jaiswal
86%
Jitesh Sharma
85%
Washington Sundar
85%
Allah Ghazanfar
83%
Axar Patel
83%
Ayush Badoni
83%
Jamie Overton
83%
Ruturaj Gaikwad
83%
Sai Sudharsan
83%
Sanju Samson
83%
Sherfane Rutherford
83%
Glenn Phillips
82%
Heinrich Klaasen
82%
Rajat Patidar
82%
Ajinkya Rahane
80%
Arjun Tendulkar
80%
Gurjapneet Singh
80%
Jacob Duffy
80%
Marco Jansen
80%
Mohammed Shami
80%
Priyansh Arya
80%
Rasikh Dar
80%
Anrich Nortje
79%
Eshan Malinga
78%
Nitish Rana
78%
Will Jacks
76%
Cameron Green
75%
David Miller
75%
Devdutt Padikkal
75%
Karun Nair
75%
Marcus Stoinis
75%
Phil Salt
75%
Riyan Parag
75%
Suyash Sharma
75%
Tim David
75%
Vipraj Nigam
75%
Nicholas Pooran
73%
Pathum Nissanka
73%
Akeal Hosein
71%
Ravindra Jadeja
71%
Ashutosh Sharma
70%
Bhuvneshwar Kumar
70%
Raghu Sharma
70%
Nitish Kumar Reddy
69%
Auqib Nabi
67%
Ben Dwarshuis
67%
Cooper Connolly
67%
Harpreet Brar
67%
Ishant Sharma
67%
Khaleel Ahmed
67%
Manish Pandey
67%
Matt Henry
67%
Mukesh Kumar
67%
Prabhsimran Singh
67%
Rahul Tewatia
67%
Rashid Khan
67%
Robin Minz
67%
Ryan Rickelton
67%
Sarfaraz Khan
67%
Shimron Hetmyer
67%
Suryansh Shedge
67%
Dewald Brevis
64%
Josh Hazlewood
64%
Harshal Patel
63%
Lockie Ferguson
63%
Matt Short
63%
Naman Dhir
63%
Nandre Burger
63%
Noor Ahmad
63%
Sameer Rizvi
63%
Jordan Cox
60%
Lungi Ngidi
60%
Matthew Breetzke
60%
Praful Hinge
60%
Quinton de Kock
60%
Sandeep Sharma
60%
Vaibhav Arora
60%
Yash Dayal
60%
Angkrish Raghuvanshi
58%
Anshul Kamboj
57%
Arshad Khan
57%
George Linde
57%
Jaydev Unadkat
57%
Prince Yadav
57%
Rahul Chahar
57%
Tristan Stubbs
57%
Varun Chakaravarthy
57%
Venkatesh Iyer
57%
Himmat Singh
56%
Shardul Thakur
56%
Rovman Powell
55%
Rahul Tripathi
54%
Ashwani Kumar
50%
Dasun Shanaka
50%
Kartik Sharma
50%
Keshav Maharaj
50%
Kwena Maphaka
50%
Mukesh Choudhary
50%
Mukul Choudhary
50%
Nehal Wadhera
50%
Prashant Veer
50%
Ravi Bishnoi
50%
Shashank Singh
50%
Thangarasu Natarajan
50%
Urvil Patel
50%
Tushar Deshpande
47%
Blessing Muzarabani
45%
Krish Bhagat
45%
Manav Suthar
44%
Mayank Markande
44%
Ramandeep Singh
44%
Yash Punja
44%
Corbin Bosch
43%
Nishant Sindhu
43%
Rehan Ahmed
43%
Vyshak Vijaykumar
43%
Digvesh Rathi
42%
Harsh Dubey
42%
Abdul Samad
40%
Abishek Porel
40%
Aniket Verma
40%
Shahrukh Khan
40%
Mohsin Khan
38%
Navdeep Saini
38%
Swapnil Singh
38%
Vicky Ostwal
38%
Vignesh Puthur
38%
Kyle Jamieson
36%
Brijesh Sharma
33%
Jayant Yadav
33%
Josh Inglis
33%
Kartik Tyagi
33%
Shivang Kumar
33%
Spencer Johnson
33%
Adam Milne
30%
Anuj Rawat
30%
Azmatullah Omarzai
30%
Dushmantha Chameera
30%
Sahil Parakh
30%
Salil Arora
30%
Tim Seifert
29%
Zakary Foulkes
29%
Donovan Ferreira
27%
Akshat Raghuwanshi
25%
Arshin Kulkarni
25%
Matheesha Pathirana
25%
Mitchell Marsh
25%
Mitchell Owen
25%
Ramakrishna Ghosh
25%
Umran Malik
25%
Yash Thakur
25%
Akash Singh
23%
Lhuan-dre Pretorius
23%
Akash Madhwal
22%
Pravin Dubey
22%
Sakib Hussain
22%
Ashok Sharma
20%
Gurnoor Brar
20%
Luke Wood
20%
Nuwan Thushara
20%
Raj Bawa
20%
Sarthak Ranjan
19%
Amit Kumar
18%
Kanishk Chouhan
17%
Madhav Tiwari
17%
Shahbaz Ahmed
17%
Vishal Nishad
17%
Krains Fuletra
15%
Mayank Rawat
15%
Abhinandan Singh
14%
Aman Rao
14%
Mangesh Yadav
14%
Mayank Yadav
14%
Satvik Deswal
14%
Vishnu Vinod
14%
Ajay Mandal
13%
Anukul Roy
13%
Dilshan Madushanka
13%
Musheer Khan
13%
Sushant Mishra
13%
Vihaan Malhotra
13%
Zeeshan Ansari
13%
Kumar Kushagra
11%
Shivam Mavi
10%
Shreyas Gopal
9%
Kuldeep Sen
8%
Tejasvi Singh
8%
Yudhvir Singh
8%
Shubham Dubey
7%
Aman Khan
0%
Connor Esterhuizen
0%
Daksh Kamra
0%
Danish Malewar
0%
Gerald Coetzee
0%
Harnoor Pannu
0%
Kamindu Mendis
0%
Kulwant Khejroliya
0%
Manimaran Siddharth
0%
Mohammed Izhar
0%
Naman Tiwari
0%
Onkar Tarmale
0%
Prashant Solanki
0%
Pyla Avinash
0%
Ravi Singh
0%
Saurabh Dubey
0%
Smaran Ravichandran
0%
Tripurana Vijay
0%
No matching quizzes found
Score Distribution
Percent of People with Each Score
Percentile by Number Answered
Your Score History
You have not taken this quiz